|
|
|
|
| LEADER |
00693cam a2200205 a 4500 |
| 001 |
0000064351 |
| 005 |
20030125090000.0 |
| 040 |
|
|
|a mod
|
| 041 |
|
|
|a eng
|
| 020 |
0 |
0 |
|a 9679028399
|
| 090 |
0 |
0 |
|a 910.076
|b MOH
|c f
|e 2001
|
| 100 |
0 |
0 |
|a Mohammad b. Ismail
|
| 245 |
1 |
0 |
|a Geografi
|c Mohammad b. Ismail, Harliza bt. Arshad
|
| 260 |
0 |
0 |
|a Balakong, Selangor
|b Pustaka Sistem Pelajaran
|c 2001
|
| 300 |
0 |
0 |
|a ii, 184ms.
|b ill.
|c 28cm
|
| 440 |
0 |
0 |
|a 1001 soalan topikal PMR
|
| 650 |
0 |
0 |
|a Geography
|x Examinations, questions, etc.
|
| 700 |
1 |
1 |
|a Harliza bt. Arshad
|
| 999 |
|
|
|a 0209438
|b PULMAT
|d BOOKS
|e Buku Teks
|f PULMAT
|j AVAILABLE
|q GOOD CONDITION
|
| 999 |
|
|
|a 0209439
|b PULMAT
|d BOOKS
|e Buku Teks
|f PULMAT
|j AVAILABLE
|q GOOD CONDITION
|